| 000 | 00530nam a2200181Ia 4500 | ||
|---|---|---|---|
| 001 | 24251 | ||
| 005 | 20260414151031.0 | ||
| 008 | 260414t2005||||xx |||||||||||||| ||spa|| | ||
| 041 | _aESP | ||
| 082 |
_a345.2 _bB29 |
||
| 100 |
_aBaytelman A., Andrés _eAUT |
||
| 245 | 0 |
_aLitigación penal, juicio oral y prueba texto impreso : _bEstudio introductorio sobre el nuevo proceso penal peruano,de Pablo Talavera |
|
| 260 | _c2005 | ||
| 300 |
_a344 páginas : _ccm. |
||
| 650 | _aDER | ||
| 654 | _aCDE | ||
| 942 |
_cLIB _dJUS _fJUS _2ddc _n |
||
| 999 |
_c24251 _d24251 |
||